000 00615nam a22002057a 4500
005 20251108174724.0
008 250721s2007 xx 000 0 ara d
020 _a9770813222
082 1 4 _aKHOLOUDARAARA
100 1 _aرضوان، محمود
_eمؤلف
245 1 0 _aدليل المرأة للصحة و الجمال /
264 1 _aالقاهرة :
_bدار أخبار اليوم،
_c2007.
300 _a124 ص.
490 0 _aكتازيةPLD000739932009-02-19
650 1 7 _a‚الإعارة
650 1 7 _aIN PROCES
650 1 7 _aSPRINT0SUBJECT_AREA : 600
942 _2ddc
_cBK
999 _c116373
_d116373